000 nam a22 7a 4500
999 _c332407
_d332407
003 NUST
005 20171204095827.0
008 171204b xxu||||| |||| 00| 0 eng d
040 _c0
082 _a635 MAL
100 _aMalik,Mahmood N.
_96897
245 _aHorticulture
_cMahmood N.Malik
260 _aIslamabad
_bNBF
_c2001.
300 _a633p.
500 _aP.B
942 _2ddc
_cBK
_kIESE